[Event "12ème open"]
[Site "Louviers"]
[Date "2009.05.31"]
[Round "4"]
[White "Pigache, Emmanuel"]
[Black "Leharanger, Guillaume"]
[Result "0-1"]
[WhiteElo "1300"]
[BlackElo "1320"]
[PlyCount "124"]
[EventDate "2009.01.18"]
[SourceDate "2009.06.13"]

1. e4 d6 2. Bc4 Nf6 3. d3 g6 4. Nf3 Bg7 5. Nc3 O-O 6. O-O e5 7. h3 Nc6 8. Ne2
a6 9. Ng3 b5 10. Bb3 Na5 11. Bg5 Nxb3 12. cxb3 c5 13. Rc1 Qa5 14. a3 Be6 15.
Qd2 Qxd2 16. Nxd2 Nd7 17. Be3 Rfe8 18. Ne2 Nb6 19. Nc3 Rac8 20. b4 Nd7 21. Ne2
c4 22. d4 h5 23. d5 Bxd5 24. exd5 e4 25. f3 exf3 26. Nxf3 Rxe3 27. Rc2 Nb6 28.
Kf2 Nxd5 29. Rd1 Rd3 30. Rxd3 cxd3 31. Rxc8+ Kh7 32. Ng3 Bxb2 33. Rc6 Bxa3 34.
Rxd6 Nxb4 35. Ng5+ Kg7 36. Rd7 Nc2 37. Rxd3 Bc5+ 38. Kf3 Ne1+ 39. Ke4 f5+ 40.
Nxf5+ gxf5+ 41. Kxf5 Nxd3 42. Ne6+ Kh6 43. Ke4 Nf2+ 44. Kd5 Ba7 45. Nc7 b4 46.
Kc4 a5 47. Nb5 Bb8 48. Nd4 Nd1 49. Nc2 Bf4 50. Nd4 Ne3+ 51. Kb3 Nxg2 52. Nc6
Bc7 53. Nd4 Bb6 54. Nf5+ Kg5 55. Nd6 Kh4 56. Nc8 Bd8 57. Nd6 Kxh3 58. Ne4 Kg4
59. Nf2+ Kf3 60. Nh3 Nf4 61. Ng1+ Kg2 62. Nh3 Nxh3 0-1

[Event "12ème open"]
[Site "Louviers"]
[Date "2009.05.31"]
[Round "4"]
[White "Billard, Sebastien"]
[Black "De Saint Jores, Clement"]
[Result "1-0"]
[WhiteElo "1600"]
[BlackElo "1299"]
[PlyCount "49"]
[EventDate "2009.01.18"]
[SourceDate "2009.06.13"]

1. e4 c5 2. Nc3 d6 3. f4 Nc6 4. Nf3 g6 5. Bb5 Bd7 6. Bxc6 Bxc6 7. d3 Bg7 8. O-O
Nf6 9. Qe1 O-O 10. Qh4 Nh5 11. g4 Nxf4 12. Bxf4 f6 13. Bh6 Bd7 14. Nd5 Be6 15.
Ne3 Bxh6 16. Qxh6 Rf7 17. Rf2 Rc8 18. Rg2 c4 19. d4 c3 20. b3 b5 21. d5 Bd7 22.
Nd4 a5 23. Ne6 Qb6 24. Rg3 Rg7 25. Qxg7# 1-0

[Event "12ème open"]
[Site "Louviers"]
[Date "2009.05.31"]
[Round "4"]
[White "Pheng, Wissam"]
[Black "Perieteanu, Audrey"]
[Result "1-0"]
[WhiteElo "1400"]
[BlackElo "1210"]
[PlyCount "73"]
[EventDate "2009.01.18"]
[SourceDate "2009.06.13"]

1. e4 e5 2. Nf3 Nc6 3. Nc3 Nf6 4. d3 Bc5 5. Be2 O-O 6. O-O d5 7. exd5 Nxd5 8.
Nxd5 Qxd5 9. c4 Qd6 10. Nd2 Nd4 11. Ne4 Nxe2+ 12. Qxe2 Qd4 13. Be3 Qd7 14. Nxc5
Qc6 15. Ne4 Bf5 16. Ng5 Rfd8 17. Rfd1 h6 18. Nf3 e4 19. dxe4 Qxe4 20. Rxd8+
Rxd8 21. Re1 b6 22. Bc1 Qxe2 23. Rxe2 Bd3 24. Rd2 c5 25. h3 Kf8 26. Ne5 Re8 27.
Nxd3 Re4 28. b3 a6 29. f3 Re6 30. Rd1 Re2 31. Rd2 Re7 32. Kf1 g6 33. Ba3 Rd7
34. b4 Rd4 35. bxc5 Rxc4 36. cxb6+ Kg8 37. b7 1-0

[Event "12ème open"]
[Site "Louviers"]
[Date "2009.05.31"]
[Round "4"]
[White "Langlet, Stephanie"]
[Black "Laurent, Valentin"]
[Result "1-0"]
[WhiteElo "1200"]
[BlackElo "1200"]
[PlyCount "71"]
[EventDate "2009.01.18"]
[SourceDate "2009.06.13"]

1. e4 Nf6 2. Nc3 e5 3. Nf3 Nc6 4. d4 Bd6 5. dxe5 Bxe5 6. Nxe5 Nxe5 7. Bg5 O-O
8. Be2 h6 9. Bh4 g5 10. Bg3 d6 11. Bxe5 dxe5 12. Qxd8 Rxd8 13. O-O Bg4 14. f3
Rd2 15. Bd3 Be6 16. b3 Nh5 17. Ne2 Rd8 18. Rfd1 Rxd1+ 19. Rxd1 b6 20. Nc3 c5
21. Nb5 a5 22. g4 Nf4 23. Nc7 Nh3+ 24. Kf1 Bc8 25. Rb1 Nf4 26. Bc4 Rd7 27. Nd5
Nxd5 28. Bxd5 Bb7 29. Bxb7 Rxb7 30. Rd1 Kg7 31. a3 Kg6 32. Rd6+ f6 33. Ke2 h5
34. gxh5+ Kxh5 35. Rxf6 Kh4 36. Rh6# 1-0

[Event "12ème open"]
[Site "Louviers"]
[Date "2009.05.31"]
[Round "4"]
[White "Ribeiro, Joao"]
[Black "Dasilva, Antoine"]
[Result "1/2-1/2"]
[WhiteElo "1290"]
[BlackElo "1640"]
[PlyCount "30"]
[EventDate "2009.01.18"]
[SourceDate "2009.06.13"]

1. e4 b6 2. d4 e6 3. Nf3 Bb7 4. d5 exd5 5. exd5 Nf6 6. Bg5 Be7 7. Bc4 O-O 8.
O-O h6 9. Bh4 Ne4 10. Bxe7 Qxe7 11. Re1 f5 12. d6+ Qe6 13. Bxe6+ dxe6 14. Nc3
Nc5 15. b4 Ncd7 1/2-1/2

[Event "12ème open"]
[Site "Louviers"]
[Date "2009.05.31"]
[Round "4"]
[White "Pineau, Guy"]
[Black "Dunand, Damien"]
[Result "0-1"]
[WhiteElo "1170"]
[BlackElo "1620"]
[PlyCount "30"]
[EventDate "2009.01.18"]
[SourceDate "2009.06.13"]

1. e4 Nf6 2. h3 Nxe4 3. Bc4 d5 4. Bb3 e5 5. a3 Bd6 6. Nf3 Be6 7. Qe2 Qf6 8. d3
Nc5 9. Ba2 O-O 10. O-O e4 11. d4 exf3 12. gxf3 Qxd4 13. c3 Qf6 14. Be3 Bxh3 15.
Rd1 Qg6+ 0-1

[Event "12ème open"]
[Site "Louviers"]
[Date "2009.05.31"]
[Round "4"]
[White "Saint-Gilles, Damien"]
[Black "Delengaigne, Gregory"]
[Result "1-0"]
[WhiteElo "1669"]
[BlackElo "1330"]
[PlyCount "59"]
[EventDate "2009.01.18"]
[SourceDate "2009.06.13"]

1. d4 Nf6 2. Nf3 d6 3. c3 Nbd7 4. Bf4 e6 5. Nbd2 Be7 6. h3 Nd5 7. Bh2 b6 8. e4
N5f6 9. Bb5 Bb7 10. e5 dxe5 11. Nxe5 O-O 12. Nc6 Bxc6 13. Bxc6 Rb8 14. O-O Bd6
15. Re1 Qe7 16. Qf3 e5 17. Ne4 Nxe4 18. Bxe4 Nf6 19. dxe5 Nxe4 20. exd6 cxd6
21. Qxe4 Qf6 22. Qe7 Qh6 23. Qxd6 Qg5 24. Qe7 Qxe7 25. Rxe7 Ra8 26. Rae1 Rfc8
27. Bc7 f6 28. Rd7 Re8 29. Rxe8+ Rxe8 30. Rd8 1-0

[Event "12ème open"]
[Site "Louviers"]
[Date "2009.06.01"]
[Round "5"]
[White "Soriano, Manon"]
[Black "Saint-Gilles, Damien"]
[Result "0-1"]
[WhiteElo "1310"]
[BlackElo "1669"]
[PlyCount "112"]
[EventDate "2009.01.18"]
[SourceDate "2009.06.13"]

1. e4 d5 2. exd5 Qxd5 3. Nc3 Qd6 4. d4 Nf6 5. Nf3 Bg4 6. Be2 c6 7. Bg5 Nbd7 8.
Bxf6 Nxf6 9. Qd3 e6 10. Rd1 Be7 11. Ne5 Bf5 12. Qd2 Ne4 13. Nxe4 Bxe4 14. O-O
O-O 15. c4 Rfd8 16. Qf4 Bc2 17. Qxf7+ Kh8 18. Rd2 Rf8 19. Qh5 g6 20. Qh6 Be4
21. f3 Bf5 22. g4 Bc2 23. Kg2 Bf5 24. gxf5 exf5 25. Bd3 c5 26. Re2 Rf6 27. Rfe1
Bf8 28. Qh4 Rd8 29. Kh1 Kg7 30. Rg1 Qxd4 31. Qxd4 Rxd4 32. Bc2 Bd6 33. b3 Re6
34. Rge1 Bxe5 35. Rxe5 Rxe5 36. Rxe5 Rd2 37. Bxf5 Kf6 38. Rxc5 gxf5 39. Rc7 b5
40. Rxa7 bxc4 41. bxc4 Ke5 42. c5 Rc2 43. Rc7 Kf4 44. Rxh7 Kxf3 45. h3 Rxc5 46.
Rg7 Rc1+ 47. Rg1 Rc2 48. a4 Ra2 49. Rf1+ Kg3 50. Rg1+ Kxh3 51. Rg5 Ra1+ 52. Rg1
Rxa4 53. Rf1 f4 54. Kg1 Kg3 55. Re1 f3 56. Rf1 Ra2 {Suite non lisible} 0-1

[Event "12ème open"]
[Site "Louviers"]
[Date "2009.06.01"]
[Round "5"]
[White "Aknouche, Abdesslem"]
[Black "Ribeiro, Joao"]
[Result "1-0"]
[WhiteElo "1650"]
[BlackElo "1290"]
[PlyCount "57"]
[EventDate "2009.01.18"]
[SourceDate "2009.06.13"]

1. d4 Nf6 2. Nf3 c5 3. b3 g6 4. Bb2 Bg7 5. e3 O-O 6. Bd3 d6 7. O-O Bg4 8. h3
Bxf3 9. Qxf3 Nc6 10. Nd2 Qc7 11. d5 Nb4 12. e4 Nxd3 13. Qxd3 b6 14. a4 Qb7 15.
c4 e6 16. f4 Nd7 17. Bxg7 Kxg7 18. g4 exd5 19. cxd5 Rae8 20. Rae1 f6 21. Nc4
Qc7 22. Qc3 a6 23. g5 b5 24. axb5 axb5 25. Nd2 Nb6 26. gxf6+ Rxf6 27. e5 dxe5
28. Ne4 b4 29. Nxf6 1-0

[Event "12ème open"]
[Site "Louviers"]
[Date "2009.06.01"]
[Round "5"]
[White "Arinal, Serge"]
[Black "Paris, Christophe"]
[Result "1-0"]
[WhiteElo "1710"]
[BlackElo "1430"]
[PlyCount "51"]
[EventDate "2009.01.18"]
[SourceDate "2009.06.13"]

1. Nf3 b6 2. g3 Bb7 3. Bg2 e6 4. c4 Bd6 5. Nc3 a6 6. O-O g5 7. e3 h5 8. b3 h4
9. g4 h3 10. Bh1 f5 11. Bb2 Qf6 12. Rb1 Qg6 13. Ne5 Bxe5 14. Bxb7 Rh4 15. Bf3
Nf6 16. d4 Nxg4 17. dxe5 Nxe5 18. Bxa8 c6 19. Ne2 Nf3+ 20. Kh1 e5 21. Ng1 Nxh2
22. Kxh2 g4 23. Bxe5 f4 24. Bxf4 Qe4 25. f3 gxf3 26. Qxf3 1-0

[Event "12ème open"]
[Site "Louviers"]
[Date "2009.06.01"]
[Round "5"]
[White "De Saint Jores, Clement"]
[Black "Voegele, Francois-Marie"]
[Result "1/2-1/2"]
[WhiteElo "1299"]
[BlackElo "1070"]
[PlyCount "119"]
[EventDate "2009.01.18"]
[SourceDate "2009.06.13"]

1. e4 e5 2. Nf3 d6 3. Bc4 Be6 4. Bxe6 fxe6 5. d4 exd4 6. Nxd4 Qd7 7. Bf4 e5 8.
Be3 Nf6 9. Nf3 Be7 10. Nbd2 O-O 11. O-O Nc6 12. Bg5 h6 13. Bxf6 Bxf6 14. Nc4
Qe6 15. b3 Nd4 16. Nxd4 exd4 17. Re1 d5 18. exd5 Qxd5 19. Rc1 b5 20. Nd2 a5 21.
Ne4 a4 22. Nxf6+ Rxf6 23. c3 axb3 24. Qxb3 Qxb3 25. axb3 dxc3 26. Rxc3 Rc8 27.
b4 c6 28. Rc5 g5 29. Ree5 g4 30. Rf5 Kg7 31. Rxf6 Kxf6 32. f3 gxf3 33. gxf3 Ke6
34. Kg2 Kd6 35. h4 Ra8 36. Rh5 Rh8 37. Kg3 Ke6 38. Kg4 Kf6 39. Rf5+ Kg6 40. h5+
Kg7 41. f4 Ra8 42. Re5 Ra4 43. Re7+ Kf6 44. Re4 Ra1 45. f5 Rg1+ 46. Kf4 Rh1 47.
Re6+ Kg7 48. f6+ Kf7 49. Rxc6 Rxh5 50. Kg4 Rd5 51. Kh4 Rd4+ 52. Kh5 Rxb4 53.
Kxh6 Rb1 54. Kg5 b4 55. Kf5 b3 56. Rc7+ Ke8 57. Ke6 Re1+ 58. Kd6 b2 59. Rc8+
Kf7 60. Rc7+ 1/2-1/2

[Event "12ème open"]
[Site "Louviers"]
[Date "2009.06.01"]
[Round "5"]
[White "Delengaigne, Gregory"]
[Black "Pineau, Guy"]
[Result "1-0"]
[WhiteElo "1330"]
[BlackElo "1170"]
[PlyCount "57"]
[EventDate "2009.01.18"]
[SourceDate "2009.06.13"]

1. e4 e5 2. Nf3 Nc6 3. Bc4 Nf6 4. Nc3 Bc5 5. d3 O-O 6. O-O a6 7. Re1 d6 8. Be3
Be6 9. Nd5 b5 10. Bb3 Nb4 11. c4 c6 12. Nxf6+ Qxf6 13. a3 h6 14. Bxc5 dxc5 15.
axb4 cxb4 16. cxb5 axb5 17. Bxe6 Qxe6 18. Rxa8 Rxa8 19. d4 b3 20. d5 cxd5 21.
exd5 Qd6 22. Qxb3 Qc5 23. Nxe5 Re8 24. Kf1 b4 25. Nd3 Qb5 26. Rxe8+ Qxe8 27.
Qxb4 Qa8 28. d6 Kf8 29. d7+ 1-0

[Event "12ème open"]
[Site "Louviers"]
[Date "2009.06.01"]
[Round "5"]
[White "Perieteanu, Audrey"]
[Black "Laurent, Valentin"]
[Result "0-1"]
[WhiteElo "1210"]
[BlackElo "1200"]
[PlyCount "83"]
[EventDate "2009.01.18"]
[SourceDate "2009.06.13"]

1. e4 e5 2. Nf3 Nc6 3. Nc3 Nf6 4. d4 Bd6 5. dxe5 Bxe5 6. Nxe5 Nxe5 7. Bf4 Qe7
8. Be2 Ng6 9. Bg5 O-O 10. O-O h6 11. Bxf6 Qxf6 12. Bf3 Qg5 13. Ne2 Nh4 14. Ng3
Re8 15. Re1 Re6 16. c3 d6 17. Qd3 Rf6 18. Re3 Bg4 19. Bxg4 Qxg4 20. f3 Qf4 21.
Rae1 Re8 22. Qb5 c6 23. Qxb7 Re5 24. Qxc6 Rg5 25. Qc8+ Kh7 26. Qh3 Rfg6 27. b4
Rxg3 28. hxg3 Rxg3 29. R1e2 Rxh3 30. gxh3 Qg5+ 31. Kf1 Qg3 32. f4 Qxf4+ 33. Ke1
Qg5 34. e5 Qg1+ 35. Kd2 Nf5 36. Rd3 dxe5 37. Rxe5 Qf2+ 38. Re2 Qf4+ 39. Ke1
Qc1+ 40. Kf2 Qf4+ 41. Rf3 Qh2+ 42. Ke1 {Suite non lisible} 0-1

[Event "12ème open"]
[Site "Louviers"]
[Date "2009.06.01"]
[Round "5"]
[White "Leharanger, Guillaume"]
[Black "Dasilva, Antoine"]
[Result "0-1"]
[WhiteElo "1320"]
[BlackElo "1640"]
[PlyCount "58"]
[EventDate "2009.01.18"]
[SourceDate "2009.06.13"]

1. e4 b6 2. d4 e6 3. Nc3 Bb7 4. f4 Bb4 5. Bd3 Nf6 6. Qe2 O-O 7. Nf3 c5 8. a3
Bxc3+ 9. bxc3 d5 10. exd5 Nxd5 11. O-O Nxc3 12. Qe3 cxd4 13. Qxd4 Qxd4+ 14.
Nxd4 Ba6 15. Bxa6 Nxa6 16. a4 Nc5 17. a5 Nd5 18. Nb3 Rfc8 19. axb6 axb6 20.
Rxa8 Rxa8 21. Nxc5 bxc5 22. c4 Nb4 23. Be3 Rc8 24. f5 e5 25. f6 e4 26. Rf4 Re8
27. Bxc5 Nd3 28. Rf5 e3 29. Kf1 e2+ 0-1

[Event "12ème open"]
[Site "Louviers"]
[Date "2009.06.01"]
[Round "5"]
[White "Pineau, Sarah"]
[Black "Langlet, Stephanie"]
[Result "0-1"]
[WhiteElo "1200"]
[BlackElo "1200"]
[PlyCount "66"]
[EventDate "2009.01.18"]
[SourceDate "2009.06.13"]

1. e4 e5 2. Nf3 Nc6 3. Bc4 Nf6 4. Nc3 d6 5. O-O Be6 6. Bb5 d5 7. Ng5 Qd7 8.
Nxe6 Qxe6 9. Bxc6+ Qxc6 10. d3 O-O-O 11. Bg5 d4 12. Ne2 Be7 13. Ng3 h6 14. Bh4
g5 15. Nf5 Bc5 16. Bg3 Rde8 17. Ng7 Re7 18. Qf3 g4 19. Qf5+ Kb8 20. Bh4 Qd7 21.
Bxf6 Qxf5 22. exf5 Rd7 23. Rfe1 Be7 24. Bh4 Bxh4 25. b4 b6 26. Rab1 Bg5 27. Ne6
fxe6 28. Rb3 exf5 29. Ra3 Be7 30. Rb1 e4 31. Ra4 exd3 32. Rb3 dxc2 33. Rb1
cxb1=Q# 0-1

[Event "12ème open"]
[Site "Louviers"]
[Date "2009.06.01"]
[Round "6"]
[White "Lannaud, Jean-Charles"]
[Black "Delengaigne, Gregory"]
[Result "1-0"]
[WhiteElo "1610"]
[BlackElo "1330"]
[PlyCount "133"]
[EventDate "2009.01.18"]
[SourceDate "2009.06.14"]

1. Nf3 d6 2. d4 Bf5 3. Nc3 Nf6 4. e3 Nbd7 5. Bd3 Bg6 6. Qe2 e5 7. dxe5 dxe5 8.
e4 Bb4 9. Bd2 O-O 10. a3 Be7 11. b4 c6 12. Nh4 Bh5 13. f3 Ne8 14. Nf5 Bg5 15.
h4 Bxd2+ 16. Kxd2 Nb6 17. g4 Bg6 18. Ne3 f6 19. Rad1 Bf7 20. Kc1 Qc7 21. Nf5
Nd6 22. Nxd6 Qxd6 23. g5 Qc7 24. gxf6 g6 25. Qe3 Bc4 26. h5 Rxf6 27. hxg6 Rxg6
28. Rdg1 Bf7 29. Rxg6+ Bxg6 30. Rg1 Qf7 31. Qe2 Rf8 32. Rg3 Qf4+ 33. Kb2 Qxg3
34. Bc4+ Nxc4+ 35. Qxc4+ Kg7 36. Qe6 Qf4 37. Na4 Qxf3 38. Nc5 Qf7 39. Qg4 Qf4
40. Ne6+ Kg8 41. Nxf4 Rxf4 42. Qc8+ Kg7 43. Qxb7+ Rf7 44. Qxc6 h5 45. Qd6 h4
46. Qxe5+ Kh6 47. Qd5 h3 48. e5 Rf2 49. Qh1 Rxc2+ 50. Kb3 Re2 51. Qxh3+ Kg7 52.
Qd7+ Bf7+ 53. Ka4 Rxe5 54. Qd4 Kf6 55. Qxa7 Be8+ 56. Kb3 Bf7+ 57. Kc3 Re7 58.
Qd4+ Kg6 59. Qd6+ Re6 60. Qxe6+ Bxe6 61. Kd4 Bb3 62. b5 Bd1 63. b6 Bf3 64. a4
Bb7 65. Kc5 Kf6 66. Kd6 Bf3 67. a5 1-0

[Event "12ème open"]
[Site "Louviers"]
[Date "2009.06.01"]
[Round "6"]
[White "Paris, Christophe"]
[Black "Dunand, Damien"]
[Result "0-1"]
[WhiteElo "1430"]
[BlackElo "1620"]
[PlyCount "88"]
[EventDate "2009.01.18"]
[SourceDate "2009.06.14"]

1. e4 Nf6 2. e5 Nd5 3. c4 Nb6 4. d3 e6 5. Nf3 d6 6. Bg5 Be7 7. h4 dxe5 8. Nc3
Nc6 9. Qe2 Nd4 10. Nxd4 exd4 11. Ne4 Bxg5 12. hxg5 Qe7 13. a3 Bd7 14. b4 Na4
15. f4 e5 16. fxe5 Nc3 17. Nxc3 dxc3 18. d4 Qxg5 19. e6 Qd2+ 20. Qxd2 cxd2+ 21.
Kxd2 Bxe6 22. d5 Rd8 23. Bd3 Bd7 24. Rae1+ Kf8 25. b5 c6 26. d6 cxb5 27. Re7
Be6 28. c5 b6 29. Rf1 bxc5 30. Rxa7 c4 31. Be4 Rxd6+ 32. Kc3 g6 33. g4 Rb6 34.
g5 Kg7 35. Rd1 Rhb8 36. Bd5 Bxd5 37. Rxd5 R8b7 38. Ra8 h6 39. gxh6+ Kxh6 40.
Rc5 Rd6 41. a4 Rd3+ 42. Kc2 Ra3 43. a5 b4 44. Rxc4 b3+ 0-1

[Event "12ème open"]
[Site "Louviers"]
[Date "2009.06.01"]
[Round "6"]
[White "Pineau, Guy"]
[Black "Pigache, Emmanuel"]
[Result "0-1"]
[WhiteElo "1170"]
[BlackElo "1300"]
[PlyCount "72"]
[EventDate "2009.01.18"]
[SourceDate "2009.06.14"]

1. e4 d5 2. exd5 Qxd5 3. Nc3 Qa5 4. Nf3 Nf6 5. Bc4 e6 6. O-O c6 7. d3 Nbd7 8.
Re1 Nb6 9. Re5 Qb4 10. Qe1 Qe7 11. Bb3 Qc7 12. a3 Bd6 13. Re2 Ng4 14. g3 O-O
15. Re4 e5 16. h3 Nf6 17. Rh4 Bf5 18. Qe3 Bg6 19. d4 Nbd5 20. Nxd5 cxd5 21. Qg5
e4 22. Nd2 Be7 23. Qe5 Bd6 24. Qg5 Rae8 25. Nf1 Qd7 26. g4 Qb5 27. Bf4 Qc6 28.
Be5 Be7 29. Qf4 Nd7 30. g5 Qe6 31. Bxg7 Kxg7 32. Ne3 Bd6 33. Bxd5 Bxf4 34. Bxe6
fxe6 35. Ng4 Bxg5 36. Re1 Bxh4 0-1

[Event "12ème open"]
[Site "Louviers"]
[Date "2009.06.01"]
[Round "6"]
[White "Langlet, Stephanie"]
[Black "Houriez, Philippe"]
[Result "0-1"]
[WhiteElo "1200"]
[BlackElo "1610"]
[PlyCount "118"]
[EventDate "2009.01.18"]
[SourceDate "2009.06.14"]

1. e4 e5 2. Nf3 Nc6 3. d4 exd4 4. Nxd4 Qh4 5. Nc3 Bb4 6. Be3 Qxe4 7. Be2 Bxc3+
8. bxc3 Nxd4 9. cxd4 d6 10. O-O Nf6 11. h3 O-O 12. Bf3 Qg6 13. Rb1 Bxh3 14.
Rxb7 Rac8 15. Qb1 h6 16. c3 Bf5 17. Qb2 Be4 18. Bxe4 Qxe4 19. Rb4 Nd5 20. Qb1
Qxb1 21. Rbxb1 Nxc3 22. Rb2 Rb8 23. Rc2 Nd5 24. Bd2 Rb7 25. Bc3 Rfb8 26. a3 Rb1
27. Rxb1 Rxb1+ 28. Kh2 Nxc3 29. Rxc3 Rb7 30. d5 a5 31. Kg3 f6 32. Kg4 g6 33. f4
f5+ 34. Kh4 Kg7 35. Re3 Kf7 36. g4 fxg4 37. Kxg4 Rb5 38. Rd3 Kf6 39. Rd4 Rb3
40. a4 Rb4 41. Rd1 g5 42. Rf1 Rxa4 43. Kg3 gxf4+ 44. Kg4 Ke5 45. Rd1 Ke4 46.
Kh3 f3 47. Kg3 Ra2 48. Re1+ Re2 49. Rd1 Rg2+ 50. Kh3 Ke3 51. Re1+ Kd2 52. Re7
Re2 53. Rf7 f2 54. Kg2 h5 55. Rf6 h4 56. Kh3 Ke1 57. Kxh4 f1=Q 58. Rg6 Qf4+ 59.
Rg4 Rh2# 0-1

[Event "12ème open"]
[Site "Louviers"]
[Date "2009.06.01"]
[Round "6"]
[White "Ribeiro, Joao"]
[Black "De Saint Jores, Clement"]
[Result "1-0"]
[WhiteElo "1290"]
[BlackElo "1299"]
[PlyCount "51"]
[EventDate "2009.01.18"]
[SourceDate "2009.06.14"]

1. e4 c5 2. c3 Nc6 3. Bb5 a6 4. Bxc6 bxc6 5. Nf3 g6 6. O-O Bg7 7. d4 cxd4 8.
cxd4 Nf6 9. e5 Ng4 10. h3 Nh6 11. Bd2 O-O 12. Qc1 Nf5 13. g4 Bh6 14. Bxh6 Nxh6
15. Qxh6 f6 16. Nc3 Rf7 17. Ne4 e6 18. Nxf6+ Rxf6 19. exf6 Qxf6 20. Ng5 Qe7 21.
Rae1 a5 22. Re3 Ba6 23. Rfe1 Bc4 24. Rf3 Rf8 25. Rxf8+ Qxf8 26. Qxh7# 1-0

[Event "12ème open"]
[Site "Louviers"]
[Date "2009.06.01"]
[Round "6"]
[White "Leharanger, Guillaume"]
[Black "Voegele, Francois-Marie"]
[Result "1-0"]
[WhiteElo "1320"]
[BlackElo "1070"]
[PlyCount "31"]
[EventDate "2009.01.18"]
[SourceDate "2009.06.14"]

1. e4 e5 2. Nf3 d6 3. Bc4 Be6 4. Bxe6 fxe6 5. Nc3 Nc6 6. d4 exd4 7. Nxd4 Qd7 8.
Nxc6 Qxc6 9. Qg4 e5 10. O-O Nf6 11. Qe6+ Be7 12. Bg5 h6 13. Bxf6 gxf6 14. Nd5
Kf8 15. Qxe7+ Kg8 16. Nxf6# 1-0

[Event "12ème open"]
[Site "Louviers"]
[Date "2009.06.01"]
[Round "6"]
[White "Pheng, Wissam"]
[Black "Lefebvre, Richard"]
[Result "0-1"]
[WhiteElo "1400"]
[BlackElo "1310"]
[PlyCount "78"]
[EventDate "2009.01.18"]
[SourceDate "2009.06.14"]

1. e4 c5 2. Nf3 d6 3. Be2 Nf6 4. Nc3 Nc6 5. O-O g6 6. d3 Bg7 7. b3 Nxe4 8. dxe4
Bxc3 9. Rb1 Bg7 10. Bb5 Bd7 11. Qd5 a6 12. Bc4 Be6 13. Qd3 Nb4 14. Qd2 Nxa2 15.
Bxe6 fxe6 16. Bb2 Bxb2 17. Rxb2 Nb4 18. Qh6 Kd7 19. Rd1 Qf8 20. Qxf8 Raxf8 21.
e5 Nc6 22. h3 Rf5 23. exd6 exd6 24. Rbb1 d5 25. Rd2 Rhf8 26. Rbd1 Kc7 27. Re1
Re8 28. Rde2 e5 29. c3 e4 30. Re3 Ref8 31. R1e2 exf3 32. gxf3 Rxf3 33. Kg2 Rxe3
34. Rxe3 Kd7 35. Rd3 Kd6 36. c4 d4 37. Kg3 Ne5 38. Rd2 Rf3+ 39. Kg2 Rxb3 0-1

[Event "12ème open"]
[Site "Louviers"]
[Date "2009.06.01"]
[Round "6"]
[White "Billard, Sebastien"]
[Black "Soriano, Manon"]
[Result "1-0"]
[WhiteElo "1620"]
[BlackElo "1310"]
[PlyCount "69"]
[EventDate "2009.01.18"]
[SourceDate "2009.06.14"]

1. e4 e5 2. Nf3 Nc6 3. d4 exd4 4. Nxd4 Bc5 5. Be3 Nf6 6. Nxc6 dxc6 7. Qxd8+
Kxd8 8. Bxc5 Nxe4 9. Be3 Bf5 10. Bd3 Re8 11. O-O Kd7 12. Rd1 Ke7 13. Bc5+ Nxc5
14. Bxf5 Rad8 15. Nc3 Rd6 16. b4 Na6 17. Re1+ Kf8 18. Rxe8+ Kxe8 19. a3 c5 20.
b5 Nb8 21. Ne2 Rd2 22. Kf1 g6 23. Ke1 Rd5 24. Be4 Rh5 25. h3 b6 26. Rd1 Rh4 27.
Nc3 a6 28. a4 axb5 29. axb5 Ke7 30. Nd5+ Ke6 31. Nxc7+ Ke5 32. f3 f5 33. Rd5+
Kf4 34. Kf2 Rh5 35. Ne6# 1-0